000 00670nam a2200229Ia 4500
003 OSt
005 20221007071103.0
006 a|||||r|||| 00| 0
007 ta
008 221006b |||||||| |||| 00| 0 eng d
024 _a25,993
037 _cReports / Technical Reports
040 _aFLL
_cFLL
_beng
041 _2eng
_aeng
082 _aX723:Z236, G5
100 _aMital Harish Chandra
245 0 _aPunjab land revenue act
260 _aLahore
_bThe University Book Agency Pakistan
_c1935
300 _a3,ii,ii,lxxv,153p
_ccm.
942 _hX723:Z236, G5
_cREP
_2CC
999 _c1142411
_d1142411